00393nam a2200157Ia 4500003000400000008004100004040001600045082001300061100002100074245003500095260003400130300001000164490002400174650001500198650002200213GCL140319s9999 xx 000 0 eng d aGCL / cGCL04a843bB E1 aBERNARD, TRISTAN10aUN ENFANT / cBERNARD, TRISTAN a[S.N] : bGALLIMARD ، c1984 a152 P aCOLLECTION FOLIOv004aLITERATURE04aFRENCH LITERATURE